书目信息 |
| 题名: |
史学与美学
|
|
| 作者: | 周谷城 著 | |
| 分册: | ||
| 出版信息: | 上海 上海人民出版社 1980 |
|
| 页数: | 220页 | |
| 开本: | 19cm | |
| 丛书名: | ||
| 单 册: | ||
| 中图分类: | K09 | |
| 科图分类: | ||
| 主题词: | 史学-关系-美学 , 美学-关系-史学 , 史学史 | |
| 电子资源: | ||
| ISBN: | ||
| 000 | 00620nam0 2200241 450 | |
| 001 | 1241296924 | |
| 005 | 20121007112902.75 | |
| 010 | @dCNY0.69 | |
| 091 | @a11074.460 | |
| 100 | @a19950615d1980 em y0chiy0110 ea | |
| 101 | 0 | @achi |
| 102 | @aCN@b310000 | |
| 105 | @ay z 000yy | |
| 200 | 1 | @a史学与美学@Ashi xue yu mei xue@f周谷城著 |
| 210 | @a上海@c上海人民出版社@d1980 | |
| 215 | @a220页@d19cm | |
| 606 | 0 | @a史学-关系-美学 |
| 606 | 0 | @a美学-关系-史学 |
| 606 | 0 | @a史学史 |
| 690 | @aK09@v3 | |
| 701 | 0 | @a周谷城@Azhou gu cheng@f(1898~1996.11)@4著 |
| 801 | 0 | @aCN@bNLC@c20101222 |
| 905 | @a10447@dK09@eJY13 | |
| 史学与美学/周谷城著.-上海:上海人民出版社,1980 |
| 220页;19cm |
| ISBN :CNY0.69 |
| ● |
| 相关链接 |
|
|
|
|
正题名:史学与美学
索取号:K09/JY13
 
预约/预借
| 序号 | 登录号 | 条形码 | 馆藏地/架位号 | 状态 | 备注 |
| 1 | 7830948 | 278309484 | 学院路分馆/ [索取号:K09/JY13] | 在馆 |